Harmonic functions on trees and buildings : Workshop on Harmonic Functions on Graphs, October 30-November 3, 1995, City University of New York /
Guardado en:
| Autor Corporativo: | |
|---|---|
| Otros Autores: | , |
| Formato: | Libro |
| Idioma: | English |
| Publicado: |
Providence, R.I. :
American Mathematical Society,
c1997.
|
| Series: | Contemporary mathematics (American Mathematical Society) ;
v. 206. |
| Materias: | |
| Etiquetas: |
Agregar Etiqueta
Sin Etiquetas, Sea el primero en etiquetar este registro!
|
| LEADER | 03091cam a2200301 a 4500 | ||
|---|---|---|---|
| 001 | MAT.inmabb004135 | ||
| 008 | 970224s1997####riua#####b####100#0#eng## | ||
| 005 | 20160527153616.0 | ||
| 245 | 1 | 0 | |a Harmonic functions on trees and buildings : |b Workshop on Harmonic Functions on Graphs, October 30-November 3, 1995, City University of New York / |c Adam Korányi, editor ; with minicourses by D. Cartwright ... [et al.]. |
| 260 | |a Providence, R.I. : |b American Mathematical Society, |c c1997. | ||
| 300 | |a x, 181 p. : |b il. ; |c 26 cm. | ||
| 490 | 1 | |a Contemporary mathematics, |x 0271-4132 ; |v 206 | |
| 504 | |a Incluye referencias bibliográficas. | ||
| 505 | 0 | |a Part 1, Minicourses: Alessandro Figà-Talamanca, Local fields and trees -- Stanley A. Sawyer, Martin boundaries and random walks -- Donald I. Cartwright, A brief introduction to buildings -- Tim Steger, Local fields and buildings | |
| 505 | 0 | |a Part 2, Abstracts of lectures: Debe Bednarchak, Heat kernel for regular trees -- Donald I. Cartwright, M. Gabriella Kuhn and Paolo M. Soardi, Tensor product of spherical representations of the group of automorphisms of a homogeneous tree -- Enrico Casadio Tarabusi, The horocyclic Radon transform on trees -- Joel M. Cohen and Flavia Colonna, Eigenfunctions of the Laplacian on a homogeneous tree -- Fausto Di Biase, Exotic convergence in theorems of Fatou type -- Yves Guivarc'h, A spectral gap property for transfer operators -- Vadim A. Kaimanovich, Harmonic functions on discrete subgroups of semi-simple Lie groups -- Russell Lyons, Biased random walks and harmonic functions on the lamplighter group -- A. M. Mantero and A. Zappa, Characterization of the eigenfunctions of the Laplace operators for an affine building of rank $2$ -- Wojciech M l otkowski, Free product of representations -- Tatiana Nagnibeda, The Jacobian of a finite graph -- S. Northshield, Flows and harmonic functions on graphs -- Mauro Pagliacci, Applications of diffusion processes on trees to mathematical finance -- Massimo A. Picardello, Characterizing harmonic functions by mean value properties on trees and symmetric spaces -- Jacqui Ramagge and Guyan Robertson, Factors from buildings -- Marco Rigoli, Maura Salvatori and Marco Vignati, Harnack and Liouville properties on graphs -- Guyan Robertson, The spectrum of a directed Cayley graph of a free group -- Mitchell H. Taibleson, Factorization of the Green's kernel for non-nearest neighbor random walks -- Wolfgang Woess, Harmonic functions for group-invariant random walks. | |
| 510 | 4 | |a MR, |c 98b:31001 | |
| 020 | |a 082180605X | ||
| 111 | 2 | |a Workshop on Harmonic Functions on Graphs |d (1995 : |c City University of New York) | |
| 700 | 1 | |a Korányi, Adam. |4 edt | |
| 700 | 1 | 2 | |a Cartwright, Donald I., |d 1949- |
| 830 | 0 | |a Contemporary mathematics (American Mathematical Society) ; |v v. 206. | |
| 246 | 1 | 8 | |a Trees and buildings |
| 650 | 0 | |a Harmonic functions |x Congresses. | |
| 650 | 0 | |a Graph theory |x Congresses. | |
| 084 | |a 31-06 (22-06 43-06 60-06) |2 msc2000 | ||
| 010 | |a 97007967 | ||
| 040 | |a DLC |c DLC |d DLC | ||
| 859 | |h 31 |i W926-1995 |p A-7307 |b BIB. MATEMATICA | ||
